Welcome to the Holygrace Academy Library

Please use search bar below to get started

ENTE PRIYAPETTA KATHAKAL (Record no. 8632)

MARC details
000 -LEADER
fixed length control field 00377nam a22001457a 4500
082 ## - DEWEY DECIMAL CLASSIFICATION NUMBER
Classification number 894.812.3
Item number GRA/E
100 ## - MAIN ENTRY--AUTHOR NAME
Personal name GRACY
245 ## - TITLE STATEMENT
Title ENTE PRIYAPETTA KATHAKAL
246 ## - VARYING FORM OF TITLE
Title proper/short title ENTE PRIYAPETTA KATHAKAL
Remainder of title ENTE PRIYAPETTA KATHAKAL
260 ## - PUBLICATION, DISTRIBUTION, ETC. (IMPRINT)
Place of publication KOTTAYAM, INDIA
Name of publisher D C
Year of publication 2022
300 ## - PHYSICAL DESCRIPTION
Number of Pages 148
520 ## - SUMMARY, ETC.
Summary, etc GRACY'S STORIES IN MALAYALAM
650 ## - SUBJECT ADDED ENTRY--TOPICAL TERM
Topical Term MALAYALAM STORIES
942 ## - ADDED ENTRY ELEMENTS (KOHA)
Koha item type Books
Holdings
Withdrawn status Lost status Collection code Home library Current library Shelving location Date acquired Source of acquisition Cost, normal purchase price Full call number Accession Number Koha item type
    Fiction Main Library Main Library SHELF-16- I- MALAYALAM NOVELS,FICTIONS 24/01/2019 PURCHASED 145.00 894.812.3 GRA/E 10610 Books